000
00314nam a22001337a 4500
008
181008b xxu||||| |||| 00| 0 eng d
020
_a
9781111402884
041
_a
eng
080
_2
12th
_a
612.39
100
_a
10
101
_a
NUT
245
_a
Nutrition: Concepts and Controversies
_c
Sizer,F
942
_2
udc
_c
BK
999
_c
49026
_d
49026